000 01442nam a2200361Ia 4500
001 ebr10660354
003 CaPaEBR
006 m u
007 cr cn|||||||||
008 090504s2009 nyua sb 001 0 eng d
010 _z 2009017391
020 _z1607412209 (hardcover)
020 _z9781607412205 (hardcover)
020 _z9781608767625
040 _aCaPaEBR
_cCaPaEBR
035 _a(OCoLC)844071690
050 1 4 _aTA418.9.F5
_bE44 2009eb
082 0 4 _a620/.5
_222
245 0 0 _aElectrospun nanofibers and nanotubes research advances
_h[electronic resource] /
_cA.K. Haghi, editor.
260 _aNew York :
_bNova Science Publishers,
_cc2009.
300 _ax, 206 p. :
_bill. (some col.).
490 1 _aNanotechnology science and technology series
504 _aIncludes bibliographical references and index.
533 _aElectronic reproduction.
_bPalo Alto, Calif. :
_cebrary,
_d2013.
_nAvailable via World Wide Web.
_nAccess may be limited to ebrary affiliated libraries.
650 0 _aNanofibers
_xDesign and construction.
650 0 _aNanotubes
_xDesign and construction.
650 0 _aElectrospinning
_xResearch.
655 7 _aElectronic books.
_2local
700 1 _aHaghi, A. K.
710 2 _aebrary, Inc.
830 0 _aNanotechnology science and technology series.
856 4 0 _uhttp://site.ebrary.com/lib/rucke/Doc?id=10660354
_zAn electronic book accessible through the World Wide Web; click to view
999 _c67616
_d67616